Catálogo de la biodiversidad para las regiones andina, pacífica y piedemonte amazónico. (Registro nro. 18949)

Detalles MARC
000 -CABECERA
Campo de control 02190nam a2200397 a 4500
005 - FECHA Y HORA DE LA ULTIMA TRANSACCION
Campo de control 20200104041749.0
008 - ELEMENTOS DE LONGITUD FIJA—INFORMACION GENERAL
Campo de control 151109b2016 ck abdofr||||f00| 0 spa d
020 ## - ISBN
ISBN 9789588889740 (impreso)
020 ## - ISBN
ISBN 9789588889757 (digital)
040 ## - FUENTE DE CATALOGACIÓN
Agencia catalogadora original CO-BoIAVH
Agencia transcriptora CO-BoIAVH
041 0# - IDIOMA
Código de idioma para texto/pista de sonido o título separado Español
044 ## - PAÍS DE PUBLICACIÓN
País de publicación Colombia
082 04 - NUMERO DE CLASIFICACION DECIMAL DEWEY
Número de clasificación 578.098613
Número del ítem C36b1
245 10 - MENCION DE TITULO
Título Catálogo de la biodiversidad para las regiones andina, pacífica y piedemonte amazónico.
Parte restante del título Nivel local. Volumen 2 Tomo 2 /
Mención de responsabilidad editado por Javier C. Barriga, Angélica Díaz-Pulido, Marcela Santamaría y Hernando García
250 ## - MENCION DE EDICION
Mención de edición Primera edición
260 ## - PUBLICACION, DISTRIBUCION, ETC. (PIE DE IMPRENTA)
Lugar de publicación, distribución, etc. Bogotá, Colombia :
Nombre del editor, distribuidor, etc. Instituto de Investigación de Recursos Biológicos Alexander von Humboldt :
-- Ecopetrol,
Fecha de publicación, distribución, etc. 2016.
300 ## - DESCRIPCION FISICA
Extensión 423 páginas :
Otros detalles físicos ilustraciones, mapas, tablas y fotografías a color ;
Dimensiones 28 x 22 cm.
490 0# - MENCION DE SERIE
Mención de serie Serie planeación ambiental para la conservación de la biodiversidad en las áreas operativas de Ecopetrol
504 ## - NOTA DE BIBLIOGRAFIA, ETC.
Nota de bibliografía Incluye referencias bibliográficas: páginas 420-421.
505 0# - NOTA DE CONTENIDO
Nota de contenido Parte 3: Identificación de áreas de estudio y biodiversidad regional.<br/>Parte 4: Biodiversidad local.<br/>Parte 5: Descripción de algunos cuerpos de agua ubicados en la región andina y su riqueza de algas y macroinvertebrados.<br/><br/>
650 26 - ASIENTO SECUNDARIO DE MATERIA - TERMINO TEMATICO
Término temático o nombre geográfico como elemento de entrada Biodiversidad
Subdivisión geográfica Andina (Región, Colombia)
9 (RLIN) 74067
650 26 - ASIENTO SECUNDARIO DE MATERIA - TERMINO TEMATICO
Término temático o nombre geográfico como elemento de entrada Biodiversidad
Subdivisión geográfica Pacífica (Región, Colombia)
9 (RLIN) 74068
650 26 - ASIENTO SECUNDARIO DE MATERIA - TERMINO TEMATICO
Término temático o nombre geográfico como elemento de entrada Biodiversidad
Subdivisión geográfica Piedemonte amazónico (Región, Colombia)
9 (RLIN) 74069
650 26 - ASIENTO SECUNDARIO DE MATERIA - TERMINO TEMATICO
Término temático o nombre geográfico como elemento de entrada Biodiversidad
Subdivisión de forma Catálogo
Subdivisión geográfica Andina (Región, Colombia)
9 (RLIN) 74070
650 26 - ASIENTO SECUNDARIO DE MATERIA - TERMINO TEMATICO
Término temático o nombre geográfico como elemento de entrada Biodiversidad
Subdivisión de forma Catálogo
Subdivisión geográfica Pacífica (Región, Colombia)
9 (RLIN) 74071
650 26 - ASIENTO SECUNDARIO DE MATERIA - TERMINO TEMATICO
Término temático o nombre geográfico como elemento de entrada Biodiversidad
Subdivisión de forma Catálogo
Subdivisión geográfica Piedemonte amazónico (Región, Colombia)
9 (RLIN) 74072
650 26 - ASIENTO SECUNDARIO DE MATERIA - TERMINO TEMATICO
Término temático o nombre geográfico como elemento de entrada Biodiversidad
Subdivisión general conservación
9 (RLIN) 74073
650 26 - ASIENTO SECUNDARIO DE MATERIA - TERMINO TEMATICO
Término temático o nombre geográfico como elemento de entrada Flora
Subdivisión de forma especies
9 (RLIN) 74074
650 26 - ASIENTO SECUNDARIO DE MATERIA - TERMINO TEMATICO
Término temático o nombre geográfico como elemento de entrada Fauna
Subdivisión de forma especies
9 (RLIN) 74075
700 1# - ASIENTO SECUNDARIO - NOMBRE PERSONAL
Nombre personal Barriga, Javier C.
Término de relación editor
9 (RLIN) 74034
700 1# - ASIENTO SECUNDARIO - NOMBRE PERSONAL
Nombre personal Díaz-Pulido, Angélica
Término de relación editora
9 (RLIN) 41247
700 1# - ASIENTO SECUNDARIO - NOMBRE PERSONAL
Nombre personal Santamaría, Marcela
Término de relación editora
9 (RLIN) 1989
700 1# - ASIENTO SECUNDARIO - NOMBRE PERSONAL
Nombre personal García, Hernando
Término de relación editor
9 (RLIN) 298
710 2# - ASIENTO SECUNDARIO - NOMBRE CORPORATIVO
Nombre corporativo o de jurisdicción como elemento de entrada Instituto de Investigación de Recursos Biológicos Alexander von Humboldt
9 (RLIN) 204
942 ## - ELEMENTOS ADICIONALES (KOHA)
Sistema de clasificación Dewey Decimal Classification
Tipo de ítem Libro
Koha issues (borrowed), all copies 3
Existencias
Withdrawn status Lost status Sistema de Clasificación Damaged status No para préstamo Colección Inventariado Ubicación Permanente Ubicación actual Fecha de adquisición Fuente de Valor Valor Total Checkouts Número topográfico Inventario / Código de Barras Date last seen Date checked out Ejemplar Price effective from Forma de adquisición Tipo de material
    Dewey Decimal Classification     Humboldt Inventariado 2017 Bogotá Bogotá 08/08/2016 Instituto 39000.00 3 IAVH-578.098613 C36b1 040576 30/06/2017 30/06/2017 T. 2 Ej. 1 08/08/2016 Institucional Libro
    Dewey Decimal Classification     Humboldt   Bogotá Bogotá 27/12/2017 Donación Viviana Guzmán     IAVH-578.098613 C36b1 043171 27/12/2017   T. 2 Ej. 4 27/12/2017 Donación Libro
    Dewey Decimal Classification     General Inventariado 2017 Sala Fabio Quevedo Sala Fabio Quevedo 08/08/2016 Instituto 39000.00   IAVH-578.098613 C36b1 040577 08/08/2016   T. 2 Ej. 2 08/08/2016 Institucional Libro
    Dewey Decimal Classification     Humboldt Inventariado 2017 Villa de Leyva Villa de Leyva 30/08/2017 Instituto 39000.00   IAVH-578.098613 C36b1 042821 30/08/2017   T. 2 Ej. 3 30/08/2017 Institucional Libro